[Event "Madrid ch Veteranos 2010"]
[Site "Madrid ESP"]
[Date "2010.02.09"]
[Round "2.5"]
[White "Fuentes Arjona, Antonio"]
[Black "Beekhof Harmsen, Willen"]
[Result "1-0"]
[WhiteElo "2041"]
[BlackElo "1849"]
[PlyCount "59"]
[EventDate "2010.02.08"]
[EventType "swiss"]
[EventRounds "9"]
[EventCountry "ESP"]
[Source "lmi"]
[SourceDate "2010.02.08"]

1. e4 d6 2. d4 Nf6 3. Nc3 g6 4. Nf3 Bg7 5. Be2 Bg4 6. h3 Bxf3 7. Bxf3 c6 8. O-O
O-O 9. Qe2 Nfd7 10. Rd1 b5 11. e5 Qb6 12. exd6 exd6 13. Nxb5 d5 14. Nc3 Na6 15.
a3 Rfe8 16. Qd3 Rab8 17. Bf4 Rb7 18. b4 Nc7 19. Bxc7 Rxc7 20. Rab1 Nf6 21. b5
Re6 22. bxc6 Qxc6 23. Nb5 Rb7 24. c4 Ne4 25. cxd5 Qxd5 26. Nc3 Qxd4 27. Qxd4
Bxd4 28. Rxd4 Rxb1+ 29. Nxb1 Ng5 30. Nd2 1-0

[Event "Madrid ch Veteranos 2010"]
[Site "Madrid ESP"]
[Date "2010.02.09"]
[Round "2.6"]
[White "Garcia Lopez, Pedro"]
[Black "Garcia Gutierrez, Jose"]
[Result "0-1"]
[WhiteElo "1855"]
[BlackElo "2027"]
[PlyCount "72"]
[EventDate "2010.02.08"]
[EventType "swiss"]
[EventRounds "9"]
[EventCountry "ESP"]
[Source "lmi"]
[SourceDate "2010.02.08"]

1. d4 d5 2. Nf3 Nf6 3. e3 Bf5 4. h3 h6 5. Nbd2 e6 6. c4 c6 7. cxd5 exd5 8. Be2
Bd6 9. O-O O-O 10. Nh2 Re8 11. Ng4 Nbd7 12. a3 Qc7 13. b4 Rad8 14. Nxf6+ Nxf6
15. Nb3 Ne4 16. Bd2 Re6 17. Nc5 Rg6 18. Nxe4 dxe4 19. Kh1 Qd7 20. Rg1 Bxh3 21.
Bf1 Bg4 22. Be2 Bh3 23. g3 Qf5 24. Be1 Qg5 25. Kh2 Bc8 26. Kg2 f5 27. Bh5 Rf6
28. Kf1 f4 29. Rh1 fxe3 30. Kg2 exf2 31. Bxf2 Rdf8 32. Be1 e3 33. Ra2 Rf2+ 34.
Bxf2 Rxf2+ 35. Rxf2 Qxg3+ 36. Kf1 Qxf2# 0-1

[Event "Madrid ch Veteranos 2010"]
[Site "Madrid ESP"]
[Date "2010.02.09"]
[Round "2.7"]
[White "Lopez Heras, Arturo"]
[Black "Alvarez Escudero, Manuel"]
[Result "1-0"]
[WhiteElo "2005"]
[BlackElo "1839"]
[PlyCount "97"]
[EventDate "2010.02.08"]
[EventType "swiss"]
[EventRounds "9"]
[EventCountry "ESP"]
[Source "lmi"]
[SourceDate "2010.02.08"]

1. e4 e5 2. f4 exf4 3. Nf3 d5 4. exd5 Qxd5 5. Nc3 Qd8 6. d4 Bd6 7. Bc4 Nf6 8.
Qe2+ Qe7 9. Qxe7+ Kxe7 10. Ne5 Bxe5 11. dxe5 Nh5 12. Nd5+ Kd8 13. Nxf4 Nxf4 14.
Bxf4 Be6 15. O-O-O+ Ke8 16. Be2 Nd7 17. Bf3 c6 18. Rd6 h6 19. h4 Rd8 20. Rhd1
Ke7 21. b3 Nb6 22. c4 Nc8 23. Rxd8 Rxd8 24. Rxd8 Kxd8 25. Be3 a6 26. Kb2 Kd7
27. c5 Ne7 28. Bf2 Bd5 29. Bg4+ Be6 30. Bf3 Bd5 31. Bg4+ Kd8 32. g3 Be4 33. Be1
Bf5 34. Bf3 Kd7 35. Kc3 Ke6 36. Kd4 g6 37. g4 Bb1 38. a3 Ba2 39. Kc3 Bb1 40.
Bg3 Nc8 41. Kd4 Na7 42. a4 Nc8 43. Bf4 Ba2 44. Bd1 h5 45. gxh5 gxh5 46. Bxh5
Bxb3 47. Bg4+ f5 48. exf6+ Kxf6 49. Bxc8 1-0

[Event "Madrid ch Veteranos 2010"]
[Site "Madrid ESP"]
[Date "2010.02.09"]
[Round "2.8"]
[White "Leniz Martinez, Francisco"]
[Black "Garcia Esteban, Juan Ignacio"]
[Result "0-1"]
[WhiteElo "1845"]
[BlackElo "2002"]
[PlyCount "72"]
[EventDate "2010.02.08"]
[EventType "swiss"]
[EventRounds "9"]
[EventCountry "ESP"]
[Source "lmi"]
[SourceDate "2010.02.08"]

1. Nf3 d5 2. d4 Nf6 3. c4 e6 4. g3 c6 5. cxd5 exd5 6. Bg2 Bd6 7. O-O O-O 8. Nc3
Nbd7 9. Bg5 h6 10. Bxf6 Nxf6 11. h3 Re8 12. e3 Bf5 13. a3 Ne4 14. Rc1 Qd7 15.
Kh2 Rad8 16. Nxe4 Bxe4 17. Qb3 Re7 18. Nd2 Bf5 19. Rh1 Rde8 20. Kg1 Qc7 21. Rc3
Bg6 22. Bxd5 Bxg3 23. Bg2 Bd6 24. Nc4 Qd7 25. Nxd6 Qxd6 26. Rc5 Kh8 27. Re5
Rxe5 28. dxe5 Rxe5 29. Qxb7 Rc5 30. Bf3 Rg5+ 31. Kf1 Qd3+ 32. Ke1 Rc5 33. Qc8+
Kh7 34. Bd1 Bh5 35. Bxh5 Rc1+ 36. Bd1 Rxd1# 0-1

[Event "Madrid ch Veteranos 2010"]
[Site "Madrid ESP"]
[Date "2010.02.09"]
[Round "2.9"]
[White "Alfageme Sanchez, Jesus"]
[Black "Gabriel Y Galan Acevedo, Jesus"]
[Result "0-1"]
[WhiteElo "1825"]
[BlackElo "1964"]
[PlyCount "64"]
[EventDate "2010.02.08"]
[EventType "swiss"]
[EventRounds "9"]
[EventCountry "ESP"]
[Source "lmi"]
[SourceDate "2010.02.08"]

1. e4 d6 2. Nf3 c5 3. Nc3 g6 4. h3 Bg7 5. Be2 e5 6. d3 Nc6 7. Be3 Nf6 8. Nh2
Be6 9. Bg4 Nxg4 10. Nxg4 O-O 11. Qd2 f5 12. exf5 gxf5 13. Bg5 Qe8 14. Ne3 Qf7
15. f3 d5 16. Nf1 Qg6 17. O-O-O f4 18. Bh4 b6 19. a3 Nd4 20. Nh2 b5 21. Bf2
Rab8 22. Bxd4 cxd4 23. Na2 e4 24. Rdg1 Rfc8 25. Kb1 e3 26. Qe2 a5 27. Qe1 Bf5
28. Qe2 b4 29. axb4 axb4 30. Nc1 b3 31. cxb3 Rxc1+ 32. Kxc1 Rc8+ 0-1

[Event "Madrid ch Veteranos 2010"]
[Site "Madrid ESP"]
[Date "2010.02.09"]
[Round "2.10"]
[White "Olano Lanchas, Dionisio"]
[Black "Perez Cameselle, Francisco"]
[Result "0-1"]
[WhiteElo "1822"]
[BlackElo "1944"]
[PlyCount "90"]
[EventDate "2010.02.08"]
[EventType "swiss"]
[EventRounds "9"]
[EventCountry "ESP"]
[Source "lmi"]
[SourceDate "2010.02.08"]

1. e4 c5 2. Bc4 Nc6 3. a3 g6 4. Nf3 Bg7 5. Nc3 d6 6. d3 Nf6 7. h3 O-O 8. Bf4 e6
9. Bg5 h6 10. Be3 d5 11. e5 Nd7 12. Nxd5 exd5 13. Bxd5 Ncxe5 14. c3 Nf6 15.
Bxf7+ Nxf7 16. Qd2 Re8 17. O-O b6 18. Nh4 g5 19. Nf3 Bf5 20. Rfd1 Qd7 21. Ne1
Bxh3 22. gxh3 Qxh3 23. f3 g4 24. Bf4 gxf3 25. Qf2 Re2 26. Qxf3 Rxe1+ 27. Kf2
Qxf3+ 28. Kxf3 Rxd1 29. Rxd1 Re8 30. d4 cxd4 31. cxd4 Nd5 32. Bc1 Ng5+ 33. Bxg5
hxg5 34. Kg3 Kh7 35. Rd2 Kg6 36. Kg4 Re4+ 37. Kg3 Rxd4 38. Rc2 Rg4+ 39. Kf3
Rf4+ 40. Kg3 Be5 41. Rc6+ Kf5 42. Kg2 Kg4 43. b4 Bd4 44. Re6 Rf2+ 45. Kh1 Kg3
0-1

[Event "Madrid ch Veteranos 2010"]
[Site "Madrid ESP"]
[Date "2010.02.09"]
[Round "2.11"]
[White "Martin-Consuegra Barrilero, Francisco Javier"]
[Black "Gonzalo Gonzalez, Francisco"]
[Result "1-0"]
[WhiteElo "1905"]
[BlackElo "1761"]
[PlyCount "122"]
[EventDate "2010.02.08"]
[EventType "swiss"]
[EventRounds "9"]
[EventCountry "ESP"]
[Source "lmi"]
[SourceDate "2010.02.08"]

1. Nf3 Nf6 2. d4 g6 3. Bf4 Bg7 4. h3 d6 5. e3 Bf5 6. Be2 Nc6 7. a3 Nd5 8. Bg3
a6 9. c4 Nf6 10. Nc3 Ne4 11. Nxe4 Bxe4 12. O-O h5 13. Bd3 Bxf3 14. Qxf3 g5 15.
b4 e6 16. Rab1 f5 17. d5 g4 18. Qe2 Ne5 19. dxe6 Nxd3 20. Qxd3 Qf6 21. c5 Qxe6
22. cxd6 Rd8 23. Rfd1 c6 24. a4 gxh3 25. gxh3 h4 26. Bh2 Bf8 27. d7+ Rxd7 28.
Qxd7+ Qxd7 29. Rxd7 Kxd7 30. b5 a5 31. bxc6+ Kxc6 32. Rb5 Bc5 33. Rxa5 b6 34.
Ra7 Bb4 35. Kg2 Kc5 36. Kf3 Kc4 37. Be5 Rh5 38. Bd4 Ba5 39. Re7 Bb4 40. Rc7+
Kb3 41. Bxb6 Kxa4 42. Bd4 Kb5 43. Rc8 Bd6 44. Rh8 Rxh8 45. Bxh8 f4 46. e4 Kc6
47. Bf6 Kd7 48. Bxh4 Ke6 49. Kg4 Ke5 50. f3 Bc5 51. Bg5 Be3 52. h4 Bd2 53. Bd8
Kd6 54. Kf5 Kd7 55. Bf6 Ke8 56. e5 Kf7 57. e6+ Kf8 58. h5 Bb4 59. Kg6 Ke8 60.
h6 Bc5 61. h7 Bf8 1-0

[Event "Madrid ch Veteranos 2010"]
[Site "Madrid ESP"]
[Date "2010.02.09"]
[Round "2.13"]
[White "Osorio Ramos, Francisco"]
[Black "Ciuro Muñoz, Ricardo"]
[Result "1/2-1/2"]
[WhiteElo "1944"]
[BlackElo "2138"]
[PlyCount "51"]
[EventDate "2010.02.08"]
[EventType "swiss"]
[EventRounds "9"]
[EventCountry "ESP"]
[Source "lmi"]
[SourceDate "2010.02.08"]

1. Nf3 Nf6 2. d4 g6 3. g3 Bg7 4. Bg2 O-O 5. O-O d5 6. c4 c6 7. Nc3 Bf5 8. cxd5
Nxd5 9. Re1 Nxc3 10. bxc3 Be4 11. Qb3 Qb6 12. Ba3 Re8 13. Nd2 Bxg2 14. Kxg2 e5
15. e3 Nd7 16. Nc4 Qxb3 17. axb3 b6 18. f4 exd4 19. exd4 a5 20. Bb2 Bf8 21. Ne5
Nxe5 22. fxe5 b5 23. Ba3 Bh6 24. Bc1 Bf8 25. Ba3 Bh6 26. Bc1 1/2-1/2

[Event "Madrid ch Veteranos 2010"]
[Site "Madrid ESP"]
[Date "2010.02.09"]
[Round "2.14"]
[White "Gonzalez Cespedes, Manuel"]
[Black "Martinez Miura, Enrique"]
[Result "1-0"]
[WhiteElo "1810"]
[BlackElo "1724"]
[PlyCount "71"]
[EventDate "2010.02.08"]
[EventType "swiss"]
[EventRounds "9"]
[EventCountry "ESP"]
[Source "lmi"]
[SourceDate "2010.02.08"]

1. d4 e6 2. c4 d5 3. Nc3 Nf6 4. Bg5 Be7 5. Nf3 h6 6. Bxf6 Bxf6 7. e3 O-O 8. Bd3
c6 9. O-O Nd7 10. cxd5 exd5 11. Qc2 Nb6 12. b4 Bg4 13. Nd2 Qd6 14. Rab1 Rac8
15. Qb3 Be6 16. Na4 Nxa4 17. Qxa4 Ra8 18. Rfc1 b5 19. Qa6 Rfc8 20. Bxb5 Rab8
21. Rxc6 Rxc6 22. Qxc6 Qe7 23. Qc5 Qb7 24. Bc6 Qa6 25. Qc3 Rc8 26. b5 Qb6 27.
a4 Bd8 28. Nb3 a5 29. Rc1 Bc7 30. Nc5 Qb8 31. g3 Bd6 32. Qxa5 Rxc6 33. bxc6 Qb2
34. Qc3 Qe2 35. Nxe6 fxe6 36. c7 1-0

[Event "Madrid ch Veteranos 2010"]
[Site "Madrid ESP"]
[Date "2010.02.09"]
[Round "2.15"]
[White "Moragrega Herrero, Juan Jose"]
[Black "Rodriguez Lopez-Cañizares, Francisco"]
[Result "1-0"]
[WhiteElo "1981"]
[BlackElo "1699"]
[PlyCount "49"]
[EventDate "2010.02.08"]
[EventType "swiss"]
[EventRounds "9"]
[EventCountry "ESP"]
[Source "lmi"]
[SourceDate "2010.02.08"]

1. d4 Nf6 2. c4 c5 3. d5 g6 4. Nc3 Bg7 5. e4 d6 6. Bd3 O-O 7. Nge2 Nbd7 8. f4
Qc7 9. O-O a6 10. a4 Re8 11. Ng3 b6 12. Be3 Nf8 13. h3 e6 14. Qc2 e5 15. fxe5
Rxe5 16. Bf4 N6d7 17. Bxe5 Bxe5 18. Nce2 Qd8 19. Rf3 Qg5 20. Raf1 Nf6 21. b3
Ra7 22. Qc1 Qh4 23. Qe3 Kg7 24. Qf2 Bg4 25. Nf5+ 1-0

[Event "Madrid ch Veteranos 2010"]
[Site "Madrid ESP"]
[Date "2010.02.09"]
[Round "2.16"]
[White "Poblador Dieguez, Alfredo"]
[Black "Lopez Peral, Enrique"]
[Result "0-1"]
[WhiteElo "1673"]
[BlackElo "1872"]
[PlyCount "86"]
[EventDate "2010.02.08"]
[EventType "swiss"]
[EventRounds "9"]
[EventCountry "ESP"]
[Source "lmi"]
[SourceDate "2010.02.08"]

1. d4 d5 2. c4 dxc4 3. Nc3 e5 4. d5 c6 5. e4 b5 6. Qc2 a6 7. Nf3 Bd6 8. Be3 Ne7
9. dxc6 Nbxc6 10. a3 Qa5 11. Rd1 Bc7 12. Be2 O-O 13. O-O Bg4 14. h3 Bxf3 15.
Bxf3 Bb6 16. Bd2 Bd4 17. Nd5 Qd8 18. Nxe7+ Qxe7 19. Be2 Bc5 20. Bc3 Nd4 21.
Bxd4 exd4 22. Rc1 Bb6 23. Bf3 Qe5 24. g3 d3 25. Qd2 Qxg3+ 26. Bg2 Rad8 27. Kh1
Qh4 28. f4 Rfe8 29. Rce1 Re6 30. e5 Rde8 31. Kh2 Rd8 32. Rd1 Kh8 33. Rfe1 f6
34. exf6 Qxf6 35. Rxe6 Qxe6 36. Bf3 Be3 37. Bg4 Bxd2 38. Bxe6 Be3 39. Bg4 Bd4
40. Rb1 Re8 41. b3 c3 42. a4 c2 43. Rf1 d2 0-1

[Event "Madrid ch Veteranos 2010"]
[Site "Madrid ESP"]
[Date "2010.02.09"]
[Round "2.17"]
[White "Hernandez Del Can, Jose"]
[Black "Cortijo Manso, Luis"]
[Result "1-0"]
[WhiteElo "1821"]
[BlackElo "1614"]
[PlyCount "89"]
[EventDate "2010.02.08"]
[EventType "swiss"]
[EventRounds "9"]
[EventCountry "ESP"]
[Source "lmi"]
[SourceDate "2010.02.08"]

1. c4 Nf6 2. Nc3 d5 3. e3 d4 4. exd4 Qxd4 5. Nf3 Qd8 6. d4 e6 7. Be2 Be7 8. h3
O-O 9. O-O b6 10. Be3 Bb7 11. Qc2 Nbd7 12. Rfd1 Qc8 13. Rac1 Rd8 14. a3 c5 15.
dxc5 Bxc5 16. Bxc5 Qxc5 17. b4 Qe7 18. Ng5 h6 19. Nge4 Nxe4 20. Nxe4 Bxe4 21.
Qxe4 Nf6 22. Qf3 Rxd1+ 23. Rxd1 Rb8 24. Qd3 e5 25. Qd6 Re8 26. c5 Qxd6 27. cxd6
Rd8 28. Bb5 Ne8 29. d7 Nf6 30. Rc1 Nxd7 31. Rd1 a5 32. Rxd7 Rxd7 33. Bxd7 axb4
34. axb4 Kf8 35. b5 Ke7 36. Bc6 g5 37. g4 Kd6 38. f3 Kc5 39. Kf2 Kd4 40. Ke2 f6
41. Kd2 Kc5 42. Ke3 Kd6 43. Kd3 Kc5 44. Ke4 Kd6 45. Kf5 1-0

[Event "Madrid ch Veteranos 2010"]
[Site "Madrid ESP"]
[Date "2010.02.09"]
[Round "2.18"]
[White "Zamora Pastora, Roger"]
[Black "Diaz Begonte, Manuel"]
[Result "0-1"]
[WhiteElo "1592"]
[BlackElo "1820"]
[PlyCount "48"]
[EventDate "2010.02.08"]
[EventType "swiss"]
[EventRounds "9"]
[EventCountry "ESP"]
[Source "lmi"]
[SourceDate "2010.02.08"]

1. d4 d5 2. Nf3 Nf6 3. c4 c6 4. Nc3 dxc4 5. e4 b5 6. e5 Nd5 7. a4 e6 8. axb5
Nxc3 9. bxc3 cxb5 10. Be2 Bb7 11. O-O Be7 12. Ba3 Nd7 13. Bxe7 Qxe7 14. Qd2 O-O
15. Qb2 a6 16. Bxc4 Bxf3 17. Be2 Bxe2 18. Qxe2 Nb6 19. f4 g6 20. Rf3 Nd5 21.
Raf1 f5 22. exf6 Qxf6 23. Qe5 Qxe5 24. fxe5 Rac8 0-1

[Event "Madrid ch Veteranos 2010"]
[Site "Madrid ESP"]
[Date "2010.02.09"]
[Round "2.19"]
[White "Aburto Renovales, Rafael"]
[Black "Fernandez- Bujarrabal, Pedro"]
[Result "0-1"]
[WhiteElo "1535"]
[BlackElo "1804"]
[PlyCount "42"]
[EventDate "2010.02.08"]
[EventType "swiss"]
[EventRounds "9"]
[EventCountry "ESP"]
[Source "lmi"]
[SourceDate "2010.02.08"]

1. e4 e5 2. Nf3 Nc6 3. Bb5 a6 4. Ba4 Nf6 5. O-O Be7 6. Re1 b5 7. Bb3 O-O 8. c3
d5 9. exd5 Nxd5 10. Nxe5 Nxe5 11. Rxe5 c6 12. d4 Bd6 13. Re1 Qh4 14. g3 Qh3 15.
Qf3 Bg4 16. Qg2 Qh5 17. Nd2 Rae8 18. Rxe8 Rxe8 19. h4 Re1+ 20. Kh2 g5 21. f3
Qxh4+ 0-1

[Event "Madrid ch Veteranos 2010"]
[Site "Madrid ESP"]
[Date "2010.02.09"]
[Round "2.20"]
[White "Benito Alba, Eladio"]
[Black "Moral Gonzalez, Vicente"]
[Result "1-0"]
[WhiteElo "1804"]
[BlackElo "1544"]
[PlyCount "69"]
[EventDate "2010.02.08"]
[EventType "swiss"]
[EventRounds "9"]
[EventCountry "ESP"]
[Source "lmi"]
[SourceDate "2010.02.08"]

1. d4 Nf6 2. Nf3 g6 3. g3 Bg7 4. Bg2 d6 5. b3 c6 6. Bb2 Rg8 7. c4 Bg4 8. Nc3
Qa5 9. O-O Nfd7 10. h3 Bxf3 11. Bxf3 Na6 12. e4 c5 13. Ne2 Rd8 14. Bc3 Qb6 15.
Qd2 Qc7 16. Rad1 Nf6 17. Qb2 Qc8 18. Kh2 h5 19. e5 Nh7 20. exd6 Rxd6 21. dxc5
Bxc3 22. Qxc3 Rxd1 23. Rxd1 Ng5 24. Bg2 h4 25. g4 Nxc5 26. Qe5 f6 27. Qe3 Nce6
28. f4 Qc7 29. Kh1 Nxf4 30. Nxf4 e5 31. Nd5 Qf7 32. Qc5 Ne6 33. Qc8+ Nd8 34.
Nc7+ Kf8 35. Qxd8+ 1-0

[Event "Madrid ch Veteranos 2010"]
[Site "Madrid ESP"]
[Date "2010.02.09"]
[Round "2.22"]
[White "Ortega Morales, Pedro"]
[Black "Martin Rodriguez, Jose Luis"]
[Result "1-0"]
[WhiteElo "1791"]
[BlackElo "1511"]
[PlyCount "71"]
[EventDate "2010.02.08"]
[EventType "swiss"]
[EventRounds "9"]
[EventCountry "ESP"]
[Source "lmi"]
[SourceDate "2010.02.08"]

1. d4 Nf6 2. Bf4 e6 3. Nd2 d5 4. e3 Bd6 5. Bg3 b6 6. c3 Bxg3 7. hxg3 Bb7 8. Bd3
g6 9. Ngf3 Nbd7 10. Qe2 Qe7 11. e4 dxe4 12. Nxe4 Nd5 13. O-O-O f6 14. a3 c6 15.
c4 Nc7 16. Nc3 O-O-O 17. Rh6 Rde8 18. Rdh1 Qg7 19. Qc2 f5 20. d5 cxd5 21. cxd5
Nc5 22. d6 Nxd3+ 23. Qxd3 Nd5 24. R6h4 Kb8 25. Re1 Qd7 26. Ne5 Qxd6 27. Nf7 Qc5
28. Nxh8 Nxc3 29. Qxc3 Qxc3+ 30. bxc3 Rxh8 31. Rxe6 Bxg2 32. Re7 h5 33. Rd4 Bc6
34. Rd6 Re8 35. Rxe8+ Bxe8 36. Rd8+ 1-0

[Event "Madrid ch Veteranos 2010"]
[Site "Madrid ESP"]
[Date "2010.02.10"]
[Round "3.1"]
[White "Estrada Martinez, Cesar"]
[Black "Garcia Esteban, Juan Ignacio"]
[Result "1/2-1/2"]
[WhiteElo "2182"]
[BlackElo "2002"]
[PlyCount "91"]
[EventDate "2010.02.08"]
[EventType "swiss"]
[EventRounds "9"]
[EventCountry "ESP"]
[Source "lmi"]
[SourceDate "2010.02.08"]

1. Nf3 Nf6 2. c4 g6 3. d4 Bg7 4. Nc3 d5 5. e3 O-O 6. cxd5 Nxd5 7. Bc4 Nxc3 8.
bxc3 c5 9. O-O Qa5 10. Qb3 Qb6 11. Ba3 Qxb3 12. Bxb3 cxd4 13. cxd4 Nc6 14. Rac1
Re8 15. Ng5 e6 16. Ne4 Rd8 17. Ba4 e5 18. dxe5 Bxe5 19. Nc5 Rb8 20. Rfd1 Rxd1+
21. Rxd1 b5 22. Bb3 Na5 23. Rd8+ Kg7 24. Re8 Nxb3 25. axb3 Bc7 26. Bb2+ Kh6 27.
Bd4 a5 28. Re7 Bd6 29. Rxf7 Bxc5 30. Bxc5 Be6 31. Rc7 Bxb3 32. f4 Bg8 33. g4 b4
34. Be7 g5 35. Bxg5+ Kg6 36. h4 Bf7 37. Rc6+ Kg7 38. Bf6+ Kg8 39. Ra6 b3 40.
Rxa5 Kf8 41. Bb2 Rc8 42. Ba3+ Ke8 43. Re5+ Kd8 44. Rf5 Ke8 45. Re5+ Kd8 46. Rf5
1/2-1/2

[Event "Madrid ch Veteranos 2010"]
[Site "Madrid ESP"]
[Date "2010.02.10"]
[Round "3.3"]
[White "Lorite Cruz, Francisco"]
[Black "Martin-Consuegra Barrilero, Francisco Javier"]
[Result "1-0"]
[WhiteElo "2073"]
[BlackElo "1905"]
[PlyCount "89"]
[EventDate "2010.02.08"]
[EventType "swiss"]
[EventRounds "9"]
[EventCountry "ESP"]
[Source "lmi"]
[SourceDate "2010.02.08"]

1. e4 d6 2. d4 Nf6 3. Nc3 Nbd7 4. f4 e5 5. Nf3 exd4 6. Qxd4 c6 7. Be3 d5 8. e5
Bc5 9. Qd2 Bxe3 10. Qxe3 Qe7 11. O-O-O Nc5 12. Bd3 Ng4 13. Qe2 Nxd3+ 14. cxd3
b5 15. h3 Nh6 16. g4 a5 17. Kb1 a4 18. Rc1 b4 19. Nd1 c5 20. Ne3 Bb7 21. d4 Ba6
22. Qd2 c4 23. g5 c3 24. bxc3 bxc3 25. Qxc3 Rc8 26. Qxc8+ Bxc8 27. Rxc8+ Kd7
28. Rc7+ Kxc7 29. Nxd5+ Kd8 30. Nxe7 Kxe7 31. gxh6 gxh6 32. d5 Rb8+ 33. Kc2 Rb4
34. f5 Rf4 35. f6+ Kd7 36. Rf1 Rb4 37. Kc3 Rb8 38. Nd4 Ke8 39. Rg1 Kf8 40. Nc6
Rb6 41. Ne7 Ke8 42. Nc6 Rb5 43. e6 fxe6 44. dxe6 Kf8 45. Rd1 1-0

[Event "Madrid ch Veteranos 2010"]
[Site "Madrid ESP"]
[Date "2010.02.10"]
[Round "3.4"]
[White "Perez Cameselle, Francisco"]
[Black "Fuentes Arjona, Antonio"]
[Result "1/2-1/2"]
[WhiteElo "1944"]
[BlackElo "2041"]
[PlyCount "69"]
[EventDate "2010.02.08"]
[EventType "swiss"]
[EventRounds "9"]
[EventCountry "ESP"]
[Source "lmi"]
[SourceDate "2010.02.08"]

1. e4 c6 2. d3 d5 3. Nd2 dxe4 4. dxe4 e5 5. Ngf3 Bg4 6. h3 Bxf3 7. Qxf3 Nf6 8.
Bc4 Bd6 9. O-O O-O 10. Rd1 Qc7 11. Nf1 b5 12. Bb3 Na6 13. Bg5 Be7 14. Ng3 Nc5
15. c3 Ne6 16. Bxe6 fxe6 17. Qe2 Bc5 18. Be3 Bb6 19. Rd2 Rad8 20. Rad1 Rxd2 21.
Rxd2 Rd8 22. Rxd8+ Qxd8 23. Bxb6 axb6 24. Nf1 Qd6 25. f3 b4 26. Qd2 Qc5+ 27.
Ne3 bxc3 28. bxc3 b5 29. Kf2 Kf7 30. g4 Ke7 31. Ke2 Ne8 32. Nd1 Nf6 33. Ne3 Ne8
34. Nd1 Nf6 35. Ne3 1/2-1/2

[Event "Madrid ch Veteranos 2010"]
[Site "Madrid ESP"]
[Date "2010.02.10"]
[Round "3.6"]
[White "Lastras Hernandez, Tomas"]
[Black "Lopez Heras, Arturo"]
[Result "0-1"]
[WhiteElo "1885"]
[BlackElo "2005"]
[PlyCount "46"]
[EventDate "2010.02.08"]
[EventType "swiss"]
[EventRounds "9"]
[EventCountry "ESP"]
[Source "lmi"]
[SourceDate "2010.02.08"]

1. d4 Nf6 2. c4 g6 3. Nc3 d5 4. cxd5 Nxd5 5. e4 Nxc3 6. bxc3 Bg7 7. Nf3 c5 8.
Be3 Nc6 9. Bb5 Qa5 10. Bxc6+ bxc6 11. Qd2 Ba6 12. e5 Rd8 13. Rd1 O-O 14. Qc2
cxd4 15. Bd2 dxc3 16. Qxc3 Qb5 17. Qe3 Rd5 18. Bc3 Rfd8 19. Nd4 c5 20. f4 cxd4
21. Bxd4 Rxd4 22. Rxd4 Rxd4 23. Kf2 Qb2+ 0-1

[Event "Madrid ch Veteranos 2010"]
[Site "Madrid ESP"]
[Date "2010.02.10"]
[Round "3.7"]
[White "Ciuro Muñoz, Ricardo"]
[Black "Alfageme Sanchez, Jesus"]
[Result "1-0"]
[WhiteElo "2138"]
[BlackElo "1825"]
[PlyCount "67"]
[EventDate "2010.02.08"]
[EventType "swiss"]
[EventRounds "9"]
[EventCountry "ESP"]
[Source "lmi"]
[SourceDate "2010.02.08"]

1. e4 Nc6 2. Nf3 e5 3. Bb5 a6 4. Ba4 Nf6 5. O-O b5 6. Bb3 Bc5 7. c3 O-O 8. Nxe5
Bxf2+ 9. Rxf2 Nxe5 10. d4 Neg4 11. Rf1 d6 12. h3 Nxe4 13. hxg4 Ng3 14. Rxf7
Rxf7 15. Bxf7+ Kxf7 16. Qf3+ Kg8 17. Qxg3 Bb7 18. Nd2 Qd7 19. Nf3 Re8 20. Bd2
Re4 21. Re1 Rxg4 22. Qh3 Qf5 23. Kf2 Bc6 24. Re3 Be4 25. b3 Qg6 26. c4 h6 27.
d5 bxc4 28. bxc4 Bf5 29. Nh4 Rf4+ 30. Rf3 Rxh4 31. Qxh4 Be4 32. Rg3 Qe8 33.
Bxh6 g6 34. Qf6 1-0

[Event "Madrid ch Veteranos 2010"]
[Site "Madrid ESP"]
[Date "2010.02.10"]
[Round "3.8"]
[White "Alvarez Escudero, Manuel"]
[Black "Carbonell Martinez, Juan"]
[Result "0-1"]
[WhiteElo "1839"]
[BlackElo "2083"]
[PlyCount "86"]
[EventDate "2010.02.08"]
[EventType "swiss"]
[EventRounds "9"]
[EventCountry "ESP"]
[Source "lmi"]
[SourceDate "2010.02.08"]

1. e4 e5 2. Nf3 Nc6 3. Bb5 a6 4. Bxc6 dxc6 5. d4 exd4 6. Qxd4 Bg4 7. Bg5 f6 8.
Be3 Bxf3 9. Qxd8+ Rxd8 10. gxf3 Bd6 11. Nd2 Ne7 12. O-O-O Ng6 13. c3 Ne5 14.
Kc2 Kf7 15. h3 Ng6 16. Rhg1 Rhe8 17. Nc4 Nh4 18. Nd2 g5 19. Rg4 h5 20. Rgg1 Bh2
21. Rh1 Be5 22. Rhg1 b6 23. Bxg5 fxg5 24. Rxg5 Bf4 25. Rxh5 Rh8 26. Rxh8 Rxh8
27. Kd3 Bxd2 28. Kxd2 Rd8+ 29. Ke2 Rxd1 30. Kxd1 Nxf3 31. Kc2 Ke6 32. Kd3 Ne5+
33. Ke2 Ng6 34. Ke3 Ke5 35. f3 Nf4 36. a4 c5 37. b3 c6 38. b4 c4 39. h4 Ng2+
40. Kf2 Nxh4 41. Kg3 Ng6 42. Kf2 Kf4 43. Ke2 Ne5 0-1

[Event "Madrid ch Veteranos 2010"]
[Site "Madrid ESP"]
[Date "2010.02.10"]
[Round "3.9"]
[White "Moragrega Herrero, Juan Jose"]
[Black "Olano Lanchas, Dionisio"]
[Result "1-0"]
[WhiteElo "1981"]
[BlackElo "1822"]
[PlyCount "103"]
[EventDate "2010.02.08"]
[EventType "swiss"]
[EventRounds "9"]
[EventCountry "ESP"]
[Source "lmi"]
[SourceDate "2010.02.08"]

1. d4 d5 2. c4 e6 3. Nc3 f5 4. Nf3 Nf6 5. Bg5 c6 6. c5 Be7 7. e3 Qc7 8. b4 b5
9. a4 Bb7 10. axb5 O-O 11. Bf4 Qd8 12. bxc6 Nxc6 13. b5 Nb8 14. c6 Nxc6 15.
bxc6 Bxc6 16. Ne5 Be8 17. Nd3 a5 18. Be2 Rc8 19. Rc1 Ne4 20. Nxe4 fxe4 21. Nc5
a4 22. O-O Bxc5 23. dxc5 Qf6 24. Bd6 Rf7 25. f3 Qg5 26. Qd4 Bc6 27. fxe4 dxe4
28. Rxf7 Kxf7 29. Bc4 Re8 30. Rf1+ Kg6 31. Bf4 Qe7 32. Qd6 Qxd6 33. Bxd6 a3 34.
Ra1 Ra8 35. Bxe6 Kf6 36. Bb3 Ra6 37. Ra2 Bb5 38. c6 Rxc6 39. Bxa3 Rc8 40. Bb2+
Kg6 41. Ra7 Rd8 42. Rxg7+ Kh6 43. Rg3 Rd7 44. Bd4 Kh5 45. h3 Ba6 46. Be6 Re7
47. Bg4+ Kh4 48. Bf6+ Kxg3 49. Bxe7 Bc4 50. Bf5 h5 51. Bd6+ Kh4 52. Bf4 1-0

[Event "Madrid ch Veteranos 2010"]
[Site "Madrid ESP"]
[Date "2010.02.10"]
[Round "3.10"]
[White "Hernandez Del Can, Jose"]
[Black "Osorio Ramos, Francisco"]
[Result "1/2-1/2"]
[WhiteElo "1821"]
[BlackElo "1944"]
[PlyCount "40"]
[EventDate "2010.02.08"]
[EventType "swiss"]
[EventRounds "9"]
[EventCountry "ESP"]
[Source "lmi"]
[SourceDate "2010.02.08"]

1. c4 e5 2. Nc3 Nf6 3. Nf3 Nc6 4. g3 d5 5. cxd5 Nxd5 6. Bg2 Nb6 7. d3 Be7 8.
O-O O-O 9. a3 Be6 10. b4 f6 11. Bb2 Kh8 12. Qc2 a5 13. b5 Nd4 14. Nxd4 exd4 15.
Na4 Bd5 16. Nxb6 Bxg2 17. Nxa8 Bxf1 18. Rxf1 Bd6 19. Nxc7 Bxc7 20. a4 Bb6
1/2-1/2